les pays qui mangent le plus de bonbons - Statistiques

Statistiques générales
  • Ce quiz a été pris 1 697 fois
  • Le résultat moyen est 6 sur 10
Statistiques - réponses
Hint réponses % Correct
3,3kg/ habitant france
99%
5,58kg/ habitant allemagne
81%
4,6kg/ habitant royaume uni
76%
3,8kg/ habitant belgique
69%
3,4kg/ habitant suisse
68%
7,7kg/ habitant suède
57%
4,9kg/ habitant norvège
54%
5,53kg/ habitant finlande
51%
6,2kg/ habitant danemark
48%
3,5kg/ habitant autriche
41%
Aucun quiz correspondant
Distribution des résultats
% des personnes avec chaque résultat
Percentile par nombre de réponses
Votre historique - résultats
Vous n’avez pas pris ce quiz